| 000 | 00414nam a2200193Ia 4500 | ||
|---|---|---|---|
| 008 | 210210b xxu||||| |||| 00| 0 eng d | ||
| 041 | _aeng | ||
| 082 | _a828/280 | ||
| 100 | _aHARE (Humphrey) | ||
| 245 | _aPortrait of Rimbaud: a sketch | ||
| 260 |
_aLondon _b- _c |
||
| 650 | _asketch | ||
| 650 | _aRimbaud: | ||
| 650 | _aPortrait | ||
| 650 | _aof | ||
| 650 | _aa | ||
| 690 | _aBiography | ||
| 906 | _a016125 | ||
| 999 |
_c135536 _d135536 |
||